000 00244nam a2200109Ia 4500
008 190216s9999||||xx |||||||||||||| ||und||
100 _aShankaran K P
245 0 _aNavakam
260 _bPoorna Pubs Kozhikode
650 _aLekhanam
942 _cBK
999 _c26626
_d26626